Welcome to the Holygrace Academy Library

Please use search bar below to get started

SAMPLE QUESTION PAPERS IN MATH, PHY, CHEM, BIO, BIOTEC (Record no. 707)

MARC details
000 -LEADER
fixed length control field 00359nam a22001217a 4500
082 ## - DEWEY DECIMAL CLASSIFICATION NUMBER
Classification number 500
Item number CBSE/S
100 ## - MAIN ENTRY--AUTHOR NAME
Personal name CENTRAL BOARD OF SECONDARY EDUCATION
245 ## - TITLE STATEMENT
Title SAMPLE QUESTION PAPERS IN MATH, PHY, CHEM, BIO, BIOTEC
Remainder of title CLASS XII
260 ## - PUBLICATION, DISTRIBUTION, ETC. (IMPRINT)
Place of publication DELHI
Name of publisher CBSE
Year of publication 2009
300 ## - PHYSICAL DESCRIPTION
Number of Pages 176
650 ## - SUBJECT ADDED ENTRY--TOPICAL TERM
Topical Term SCIENCE/MATH SAMPLE QUESTION PAPER FOR CLASS XII
Geographic subdivision INDIA
942 ## - ADDED ENTRY ELEMENTS (KOHA)
Koha item type Books
Holdings
Withdrawn status Lost status Collection code Home library Current library Shelving location Date acquired Source of acquisition Full call number Accession Number Koha item type
    Reference Main Library Main Library SHELF 9 D PLUS 2 CHEMISTRY 27/07/2009 purchase 500 CBSE/S 04644 Books